000 00263nam a2200109Ia 4500
008 220204s9999 xx 000 0 und d
082 _a82-3AMB
_bAMB
100 _aAmbler, Eric
245 0 _aMask of Dimitrios etc
260 _aLondon
_bHeinemann
_c1978
942 _cBK
999 _c29896
_d29896